Divan-ı ilahiyat (Record no. 10425)
[ view plain ]
| 000 -BAŞLIK | |
|---|---|
| Sabit Uzunlukta Kontrol Alanı | 00868na a2200277 4500 |
| 001 - KONTROL NUMARASI | |
| Denetim Alanı | 23848 |
| 003 - KONTROL NUMARASI IDENTIFIER | |
| Denetim Alanı | MIRAKIL |
| 005 - SON İŞLEM TARİHİ VE ZAMANI | |
| Denetim Alanı | 20181213155321.0 |
| 008 - SABİT-BOY VERİ ELEMANLARI - GENEL BİLGİLER | |
| Sabit Uzunlukta Kontrol Alanı | 180105b tu 000 0 |
| 020 ## - ULUSLARARASI STANDART KİTAP NUMARASI | |
| Uluslararası Standart Kitap Numarası | 9789751959676 |
| 040 ## - KATALOGLAMA KAYNAK | |
| Orijinal Kataloglama Ajansı | Milas |
| Kataloglama Dili | tur |
| Metne Dönüştürmek Ajansı | TR-AnCHP |
| 041 ## - DİL KODU | |
| Metin / Ses Parça Veya Ayrı Başlığın Dil Kodu | tur |
| 082 ## - DEWEY ONLU SINIFLANDIRMA NUMARASI | |
| Sınıflandırma Numarası | 819.12 |
| Ürün Numarası | A48d 2014 |
| 090 ## - SINIFLAMA NUMARASI | |
| Sınıflama Numarası | 819.12 A48d 2014 |
| 100 ## - ANA GİRİŞ - KİŞİSEL İSİM | |
| Kişisel Ad | Alvarlı Muhammed Lutfî |
| Bir Adıyla İlişkilendirilen Tarihler | 1868-1956 |
| 245 ## - BAŞLIK TABLOSU | |
| Başlık | Divan-ı ilahiyat |
| Başlığın Kalan | seçmeler |
| Sorumluluk Tablosu, Vb | Alvarlı Muhammed Lutfî ; hazırlayan Bilal Kemikli |
| 260 ## - YAYIN, DAĞITIM, VB | |
| Yayın, Dağıtım, Vb Yeri | Ankara |
| Yayıncı, Dağıtıcı, Vs Adı | Diyanet İşleri Başkanlığı (DİB) |
| Yayın, Dağıtım, Vb Tarihi | 2014 |
| 300 ## - FİZİKSEL TANIM | |
| Kapsam | 172 s. |
| Boyutlar | 17 sm. |
| 440 ## - SERİSİ TABLOSU / KATMA GİRİŞİ - BAŞLIK | |
| Başlık | Diyanet İşleri Başkanlığı Yayınları |
| Hacim / Ardışık Tanımı | 1002 |
| 490 ## - SERİSİ TABLOSU | |
| Seri Beyanı | Edebi eserler |
| Hacim / Ardışık Tanımı | 31 |
| 504 ## - KAYNAKÇA VB NOT | |
| Kaynakça Vb Notu | Kaynakça var. |
| 650 ## - KONU KATMA GİRİŞ - TOPİKAL DÖNEM | |
| Topikal Süreli Veya Coğrafi Ad Giriş Elemanı | Edebiyat |
| Genel Alt Bölümü | Divan şiiri |
| 700 ## - KATMA GİRİŞ - KİŞİSEL İSİM | |
| Kişisel Ad | Kemikli, Bilal |
| Relator Terim | haz. |
| 710 ## - KATMA GİRİŞ - KURUMSAL ADI | |
| Giriş Elemanı Olarak Kurumsal Ad Veya Yargı Alanı Adı | Diyanet İşleri Başkanlığı (DİB) |
| 942 ## - EKLENDİ GİRİŞ ELEMANLARI (KOHA) | |
| Sınıflandırma Veya Raf Düzeni Kaynak | Dewey Decimal Classification |
| Koha Öğesi Türü | Books |
| 999 ## - SİSTEM KONTROL NUMARALARI (KOHA) | |
| Koha Biblionumber | 10425 |
| Koha Biblioitemnumber | 10425 |
| Kalıcı Konum | Mevcut Konum | Edinme Tarihi | Edinim Kaynak | Toplam Check-Out'Lar | Tam Çağrı Numarası | Barkod | Tarih Son Görülme | İtibaren Geçerli Fiyatlar | Koha Öğesi Türü | Kopya Sayısı |
|---|---|---|---|---|---|---|---|---|---|---|
| CHP Kütüphanesi | CHP Kütüphanesi | 01/05/2018 | Bağış | 819.12 A48d 2014 | 017826 | 01/05/2018 | 01/05/2018 | Books | ||
| CHP Kütüphanesi | CHP Kütüphanesi | 01/05/2018 | Bağış | 819.12 A48d 2014 | 017832 | 01/05/2018 | 01/05/2018 | Books | k.2 | |
| Parti Okulu Kütüphanesi | Parti Okulu Kütüphanesi | 03/07/2024 | 819.12 A48d 2014 | 21465 | 03/07/2024 | 03/07/2024 | Books |
